| 000 | 00616nam a22001817a 4500 | ||
|---|---|---|---|
| 003 | LK-CoDNM | ||
| 005 | 20241101121825.0 | ||
| 008 | 241101b |||||||| |||| 00| 0 eng d | ||
| 040 |
_aLK-CoDNM _dLK-CoDNM _eLK-CoDNM |
||
| 041 | _asin | ||
| 080 |
_aප්ර.ස _b5.1 |
||
| 245 | _aසංස්කෘති අප්රේල්,ජුනි 1954 - 2 කලාපය -2සගරාව | ||
| 260 | _c1954 | ||
| 300 | _a45p. : 22 cm | ||
| 650 | _aප්ර.ස5.1 | ||
| 650 | _aසංස්කෘති අප්රේල්,ජුනි 1954 - 2 කලාපය -2 සගරාව | ||
| 942 | _cBK | ||
| 999 |
_c225459 _d225459 |
||